Score 0/27 Timer 03:00
0 Plays Today
% Correct
California (55)
98.3%
New York (29)
97.5%
Pennsylvania (20)
96.3%
Massachusetts (11)
94.9%
Washington (12)
94.9%
Oregon (7)
94.2%
Connecticut (7)
94%
Vermont (3)
93.5%
Michigan (16)
93.3%
New Jersey (14)
93.3%
New Hampshire (4)
91.9%
Illinois (20)
91.4%
Ohio (18)
91.4%
Maine (4)
91.2%
% Correct
Maryland (10)
91.1%
Rhode Island (4)
90.6%
Wisconsin (10)
90.5%
Minnesota (10)
86.4%
Florida (29)
83.6%
Virginia (13)
82.5%
Delaware (3)
78.5%
Nevada (6)
76.7%
Colorado (9)
71%
Hawaii (4)
69.3%
Iowa (6)
64.5%
New Mexico (5)
63.7%
Washington, D.C. (3)
58.9%

You're not logged in!

Compare scores with friends on all Sporcle quizzes.
OR
Log In

Sporcle TV

Today on Sporcle TV


Watch our educational content, quiz creation guides, and fun videos on Sporcle TV.

Show Comments

Extras

Top Quizzes Today


Score Distribution

Your Account Isn't Verified!

In order to create a playlist on Sporcle, you need to verify the email address you used during registration. Go to your Sporcle Settings to finish the process.

Report this User

Report this user for behavior that violates our Community Guidelines.

Details: